Normal view
MARC view
- Wajahat, Muhammad
Entry Personal Name
001 - CONTROL NUMBER
- control field: 21357
003 - CONTROL NUMBER IDENTIFIER
- control field: NUST
005 - DATE AND TIME OF LATEST TRANSACTION
- control field: 20190925112812.0
008 - FIXED-LENGTH DATA ELEMENTS
- fixed length control field: 190925|| aca||aabn | a|a d
040 ## - CATALOGING SOURCE
- Original cataloging agency: NUST
- Transcribing agency: NUST
100 ## - HEADING--PERSONAL NAME
- Personal name: Wajahat, Muhammad
670 ## - SOURCE DATA FOUND
- Source citation: Work cat.: (NUST): Wajahat, Muhammad, Synthesis Of 99m Tc-HYNIC-5-Fu As Imaging Probe Its Biodistribution Studies In Animal Model /, 2017.
